01686nam a2200373 i 4500003000900000005001700009007000300026008004100029020001500070040003000085082002400115100004800139240003500187245009000222264005800312300004600370336002700416337003300443338002800476500002800504586006800532586009800600590002600698650002900724650002600753650004000779651007000819700005000889910004800939942001400987952013201001952016201133999001701295DO-SdBNP20260302104244.0ta220825e1995 dr a|||| |||| 001 f spa d a9500814463 aDO-SdBNPbspacBNPHUerda 4aRD863.44bA473t2221 aÁlvarez, Julia,d1950-eautor4aut.956240 aIn the time of the butterflies10aEn el tiempo de las mariposas /cJulia Álvarez ; traducción, Rolando Costa Picazo 4aBuenos Aires, Argentina :bEditora Atlantida,c@1995. a317 páginas : bIlustraciones ;c20 cm. atextobtxt2rdacontent asin mediaciónbn2rdamedia avolumenbnc2rdacarrier aBest - Seller Nacional. aNominado en 1995 para el Nacional Book Critics Circle A.W. ARD aDistinguido como el libro notable del año (Notable book of the year) 1995 en Estados Unidos aInventariado, 2024/BT 4aNovela dominicana929128 4aLiteratura dominicana 4aNovela histórica dominicana.9860 4aRepública Dominicanay1930-1960xEra de TrujillovNovela9822531 aCosta Picazo, Rolando,etraductor4tr.927380 aBtavárez/Validado. Control de calidad MFF 2ddccLBS1 00102ddc51708PDaBNPHUbBNPHUcCTd2012-08-01eDonaciónoBNPHU PD RD863.44 A473tp2022-3801r2022-08-25w2022-08-25yLBS1 00102ddc51708PDaBNPHUbBNPHUcCTd2024-10-02eDonado por Ivanna Teresa Mirandal0oBNPHU PD RD863.44 A473tp2024-5507r2024-10-02te.2w2024-10-02yLBS1 c52322d52322